000 00449nam a2200193Ia 4500
005 20250603144854.0
008 250603s9999 xx 000 0 und d
020 _a0748710140
050 _aT 353 .P37/
100 _aParker, M. A.
245 0 _aEngineering drawing with worked examples 1
250 _a3rd ed.
260 _aIbadan
260 _bLearning Solutions
260 _c1981
300 _a271 p
650 _aIbadan
942 _cBK
999 _c40203
_d40203